000 01034nab a2200409 a 4500
001 30723
003 96442
005 20240712161140.0
008 ||||||n9999 ||| || ||
041 _aspa
082 _219
_a330.18
100 _aMarchal, Andre
245 0 _aEl conflicto tradicional entre los métodos y su renovación
260 _aBuenos Aires :
_bEl Ateneo,
_c1957.
300 _av1 214p
490 _aBiblioteca de ciencias economicas
562 _e2
650 _aANÁLISIS (FILOSOFÍA)
650 _aANÁLISIS ECONÓMICO
650 _aCIENCIAS ECONÓMICAS
650 _aCONOCIMIENTO CIENTIFICO
650 _aESCUELA DE PENSAMIENTO
650 _aMETODO CIENTIFICO
650 _aTEORÍA DEL CONOCIMIENTO
773 _03332
_aMetodología de la ciencia económica
942 _cBKM
942 _cBKM
999 _c30723
_d30723
526 _a105630
526 _a1698
526 _a116204
526 _a4969
526 _a19790
526 _a104436
526 _a5144
526 _a51868
526 _a1697